000 00432nam a2200157 i 4500
001 71918
003 ES-MaACL
005 20230906171255.0
007 t|
008 040820s1968 sp ||||1| spa d
100 1 _aGil, Alfonso María.
_956714
245 1 4 _aLos jóvenes y la biblia /
_cAlfonso María Gil.
260 _aMadrid :
_bStudium,
_c[1968]
300 _a250 p., 8 lám. ;
_c18 cm.
852 _aES-MaACL
_jC-37183
_bR.65916
999 _c71918
_d71918